000 01113nam0a22002531 4500
001 rc\3451258
005 20260407082940.0
021 _aRU
_bРг2758-73
021 _aRU
_b72-81060
035 _a(NLR Aleph) 007881190
090 _a7918848
_c7918848
100 _a20130115d1972 |||y0rusy50 ca
101 0 _arus
102 _aRU
105 _ay z |||||
200 1 _aОпыт получения высоких урожаев картофеля
_e(На примере колхоза им. Горького, Клинского р-на, Моск. обл.)
_eПристендовая листовка
_fМ-во сел. хоз-ва РСФСР. Науч.-исслед. ин-т картофельного хоз-ва
210 _a[ст. Малаховка (Моск.-Рязан. ж. д.)]
_cБ. и.
_d1972
215 _a7 с.
_d19
712 0 2 _aНИИ картофельного хозяйства
_cст. Малаховка, Московско-Рязанская ж. д.
_3RU\NLR\AUTH\888992
_9290484
801 0 _aRU
_bNLR
_gpsbo
801 1 _aRU
_bELAR
_2rusmarc
852 _aNLR
_j72-4/40564
942 _cBOOK
980 _aNB